000 00411 a2200121 4500
001 ART_45086
005 20260410162038.0
008 260409a
245 1 0 _aHeterogeneidad y poder en las políticas públicas regionales
100 1 _aGarcía, Liliana
700 1 _aLampreabe, Florencia
773 0 _tRevista de estudios regionales y mercado de trabajo
_g- Nº 5 (ene./dic. 2009)
_wREV44894
999 _c34656
_d34656